书目信息 |
| 题名: |
麦类病虫害的防治
|
|
| 作者: | ;河北农业大学植物保护系、河北省植保土肥研究所 编 | |
| 分册: | ||
| 出版信息: | 石家庄 河北人民出版社 1974 |
|
| 页数: | 46页 | |
| 开本: | 19cm | |
| 丛书名: | ||
| 单 册: | ||
| 中图分类: | S435.12 | |
| 科图分类: | ||
| 主题词: | 植物--病虫害 , 植物--病虫害防治方法 | |
| 电子资源: | ||
| ISBN: | ||
| 000 | 00832nam0 2200217 450 | |
| 001 | 0659480651 | |
| 005 | 20060811150157.89 | |
| 010 | @dCNY0.23 | |
| 100 | @a20060801d1974 km y0chiy0120 ea | |
| 101 | 0 | @achi |
| 102 | @aCN@b130000 | |
| 200 | 1 | @a麦类病虫害的防治@Amai lei bing chong hai de fang zhi@f河北农业大学植物保护系、河北省植保土肥研究所 编@Fhe bei nong ye da xue zhi wu bao hu xi、he bei sheng zhi bao tu fei yan jiu suo bian |
| 210 | @a石家庄@c河北人民出版社@d1974 | |
| 215 | @a46页@c附彩图@d19cm | |
| 300 | @a农作物病虫害防治手册 | |
| 606 | 0 | @a植物@x病虫害 |
| 606 | 0 | @a植物@x病虫害防治方法 |
| 690 | @aS435.12@v3 | |
| 711 | 0 | @a河北农业大学植物保护系、河北省植保土肥研究所@Ahe bei nong ye da xue zhi wu bao hu xi、he bei sheng zhi bao tu fei yan jiu suo@4编 |
| 801 | 0 | @aCN@bPFT@c20060811 |
| 905 | @a10447@dS435.12@e37 | |
| 麦类病虫害的防治/河北农业大学植物保护系、河北省植保土肥研究所 编.-石家庄:河北人民出版社,1974 |
| 46页:附彩图;19cm |
| 农作物病虫害防治手册 |
| ISBN :CNY0.23 |
| ● |
| 相关链接 |
|
|
|
|
正题名:麦类病虫害的防治
索取号:S435.12/37
 
预约/预借
| 序号 | 登录号 | 条形码 | 馆藏地/架位号 | 状态 | 备注 |
| 1 | 0439337 | 204393370 | 密集书库/ [索取号:S435.12/37] | 在馆 | |
| 2 | 0452233 | 204522338 | 密集书库/ [索取号:S435.12/37] | 在馆 |